000 00907nam a2200289Ia 4500
001 Z_4203
003 CHAP
008 220113s2=00 xx 000 0 und d
010 _a167266
040 _cCHAP
090 _aTesis H 1619
100 _aHipólito Cervantes, Guadalupe
_955554
245 _aEvaluación del manejo alimentario en un establo lechero en la Comarca Lagunera, fase IV /
_cpor Guadalupe Hipólito Cervantes y Luis Humberto Valencia Chávez
260 _aChapingo, Méx. :
_bEl autor,
_c2002
300 _a106 h.
502 _aTesis (Ing. Agr. Esp. en Zootecnia) -- UACH. Departamento de Zootecnia
650 _aAlimentos
_xHigiene
_94224
650 _aEstablos
_938184
650 _aLeche
_xProducción
_965400
700 _aValencia Chávez, Luis Humberto
_9117405
901 _aTESIS H 1619
902 _aM
910 _a2=00
942 _c2
942 _c2
999 _c167266
_d167266